Statistics for 1204-新京成電鉄の駅

Click here to take the quiz!

General Stats

  • This quiz has been taken 188 times
  • The average score is 20 of 24

Answer Stats

新京成線% Correct
松戸
100%
新鎌ヶ谷
99%
新津田沼
99%
京成津田沼
99%
くぬぎ山
90%
高根公団
90%
北習志野
89%
八柱
88%
鎌ヶ谷大仏
88%
高根木戸
87%
松戸新田
84%
習志野
83%
五香
82%
薬園台
79%
前原
79%
二和向台
77%
北初富
76%
初富
74%
三咲
73%
常盤平
72%
みのり台
70%
上本郷
69%
滝不動
68%
元山
59%

Score Distribution

Percentile by Number Answered

Percent of People with Each Score

Your Score History

You have not taken this quiz